Piłka nożna - najlepsi strzelcy reprezentacji - Statystyki

Ogólne statystyki
  • Ten quiz został rozwiązany 227 razy
  • Średni wynik to 14 z 20
Statystyki odpowiedzi
kraj status liczba bramek zawodnik % Poprawnych
Polska aktywny 84 Robert Lewandowski
99%
Portugalia aktywny 137 Cristiano Ronaldo
98%
Argentyna aktywny 112 Lionel Messi
95%
Szwecja koniec kariery 62 Zlatan Ibrahimović
95%
Brazylia aktywny 79 Neymar
94%
Urugwaj aktywny 69 Luis Suarez
91%
Belgia aktywny 88 Romelu Lukaku
91%
Anglia aktywny 71 Harry Kane
88%
WKS koniec kariery 63 Didier Drogba
74%
Niemcy koniec kariery 71 Miroslav Klose
73%
Francja aktywny 57 Olivier Giroud
71%
Chile aktywny 51 Alexis Sanchez
68%
Holandia koniec kariery 50 Robin van Persie
63%
Hiszpania koniec kariery 59 David Villa
62%
Irlandia koniec kariery 68 Robbie Keane
53%
Chorwacja koniec kariery 45 Davor Suker
48%
USA koniec kariery 57 Clint Dempsey | Landon Donovan
46%
Nigeria aktywny 26 Victor Osimhen
38%
Australia koniec kariery 49 Tim Cahill
36%
Japonia koniec kariery 50 Shinji Okazaki
11%
Nie znaleziono quizów pasujących do podanych kryteriów
Rozkład punktacji
Procent ludzi z każdym wynikiem
Percentyl według liczby udzielonych odpowiedzi
Twoja historia wyników
Nie rozwiązałeś tego quizu